000 00642nam a2200181Ia 4500
008 090123s9999 xx 000 0 und d
082 _b1608
_a891.463/फडके
100 _aफडके कमला
245 _aजेव्हा रान वारा शिळ घालतो
250 _a1
260 _bअक्षर प्रकाशन
300 _a127
600 _aफडके कमला
630 _aजेव्हा रान वारा शिळ घालतो
700 _aफडके कमला
730 _aजेव्हा रान वारा शिळ घालतो
942 _cBOOK
999 _c39691
_d39691